Normal view
MARC view
Entry Topical Term
001 - CONTROL NUMBER
- control field: 42202
003 - CONTROL NUMBER IDENTIFIER
- control field: ARRUPE
005 - DATE AND TIME OF LATEST TRANSACTION
- control field: 20180914114143.0
008 - FIXED-LENGTH DATA ELEMENTS
- fixed length control field: 180914|| aca||aabn | a|a d
040 ## - CATALOGING SOURCE
- Original cataloging agency: ARRUPE
- Transcribing agency: ARRUPE
150 ## - HEADING--TOPICAL TERM
- Topical term or geographic name as entry element: Philosophy.
670 ## - SOURCE DATA FOUND
- Source citation: Work cat.: (ARRUPE)0: Broad, C. D. (Charlie Dunbar), 1887-1971. 10641, Ethics and the history of philosophy;, [1952]